Algerian naapurimaat - Statistics

Yleistilastot
  • Tätä visaa on pelattu 14 kertaa
  • Keskiarvotulos 6 / 6
Vastaustilastot
Rajan pituus kilometreinä Naapurimaa % Oikein
982 Libya
100%
1601 Marokko
100%
965 Tunisia
100%
1376 Mali
86%
463 Mauritania
86%
956 Niger
79%
Ehtoja vastaavia visoja ei löytynyt
Tulosjakauma
Jokaisen tuloksen saaneiden osuus
Persentiili vastausten määrän mukaan
Tuloshistoriasi
Et ole pelannut tätä visaa